20 höchsten Berge Deutschlands - Statistiken

Allgemein
  • Dieses Quiz wurde 195 mal gespielt
  • Das Durchschnittsergebnis liegt bei 3 aus 20
Antwortstatistiken
Höhe in m Gebirge Berg % Korrekt
2962 Wettersteingebirge Zugspitze
100%
2713 Berchtesgadener Alpen Watzmann-Mittelspitze
22%
2628 Wettersteingebirge Alpspitze
19%
2744 Wettersteingebirge Hochwanner
18%
2712 Berchtesgadener Alpen Watzmann-Südspitze
16%
2645 Allgäuer Alpen Mädelegabel
15%
2874 Wettersteingebirge Schneefernerkopf
13%
2682 Wettersteingebirge Leutascher Dreitorspitze
10%
2720 Wettersteingebirge Äußere Höllentalspitze
8%
2649 Allgäuer Alpen Hochfrottspitze
8%
2741 Wettersteingebirge Innere Höllentalspitze
8%
2743 Wettersteingebirge Mittlere Höllentalspitze
8%
2750 Wettersteingebirge Mittlere Wetterspitze
8%
2703 Wettersteingebirge Hochblassen
7%
2633 Wettersteingebirge Partenkirchener Dreitorspitze
7%
2618 Wettersteingebirge Vollkarspitze
4%
2669 Wettersteingebirge Hinterreintalschrofen
3%
2626 Wettersteingebirge Große Riffelwandspitze
2%
2680 Wettersteingebirge Östliche Plattspitze
2%
2698 Wettersteingebirge Wetterwandeck
2%
Keine übereinstimmenden Quizze gefunden
Verteilung der Resultate
Anzahl Personen mit jedem Resultat
Perzentil nach korrekt beantworteten Fragen
Ihre Resultats-Entwicklung
Sie haben dieses Quiz noch nicht gespielt